| 000 | 01047nam a2200241Ia 4500 | ||
|---|---|---|---|
| 003 | OSt | ||
| 005 | 20210826160929.0 | ||
| 008 | 210310s1961 mx gr 000 0 spa d | ||
| 040 |
_aCO-JMCR _cCO-JMCR |
||
| 041 | 0 | _aspa | |
| 082 | 0 | 4 |
_a335.52 / _bG719f _223 |
| 100 | 1 |
_aGouvea de Bulhoes, Octavio, _eautor _927739 |
|
| 245 | 1 | 0 |
_aFunción de los precios en desarrollo / _cOctavio Gouuvea de Bulhoes |
| 250 | _aPrimera edición | ||
| 260 |
_aMéxico : _bCentro de Estudios Monetarios latinoamericanos, _c1961. |
||
| 300 |
_a89 páginas ; _c21 cm. |
||
| 501 | _aCon: notas a pie de página. | ||
| 505 | _aMercados de consumo y de producción. -- Escala de producción y productividad de factores. -- Saneamiento del mercado de precios y descentralización de las actividades económicas. -- El sistema fiscal y ls precios de equilibrio. -- Generalización del estudio de la economía. | ||
| 650 | 1 | 4 |
_aMercados de consumo. _939741 |
| 650 | 2 | 4 |
_aProductividad de factores. _939742 |
| 650 | 2 | 4 |
_aMercado de precios. _939743 |
| 942 |
_2ddc _cBK |
||
| 999 |
_c12263 _d12263 |
||